Дело о ремонтных работах на 1912 год по дому Дирекции на Театральной улице

Доступно только в Электронных читальных залах Найти на картеНа карте
RUSMARC
00003875nmc2a22002533x 450
00142818753-2b55-431c-a19a-383a36232d11
00520210420015710.0
100##$a20201120l19111913k l0rusy0189 ca
1010#$arus
102##$aRU
105##$ay###
1222#$ad
2001#$aДело о ремонтных работах на 1912 год по дому Дирекции на Театральной улице
$j28 декабря 1911 г. - 9 марта 1913 г.
$hЧасть 1
215##$a174 л.
$d36,5х26 см
251##$cДело
300##$aНа бланке обложки указано: "Дело хозяйственного отделения Санкт-Петербургской конторы императорских театров"
300##$aВ деле имеются образцы ткани
371##$aДокумент не является опубликованным и широко распространяемым
461#0$10019264ebf8-de62-4f1a-9eb4-9f22098dbbd5
$12001
$aДирекция императорских театров МИДв
$1251
$cФонд
$1852
$j497
462#0$100157374a90-53af-4386-b127-820db06313ee
$12001
$aДела хозяйственной части Дирекции императорских театров
$1251
$cОпись
$1852
$j9
801#0$aRU
$bРГИА
$c20201120
$gRCR
801#1$aRU
$bГлавНИВЦ
$c20201120
$2rusmarc
801#2$aRU
$bПБ им. Б.Н. Ельцина
$c20210420
$gRCR
$2rusmarc
850##$aРГИА
852##$aРГИА
$eФедеральное казенное учреждение "Российский государственный исторический архив" (РГИА)
$j1282
937##$hРГИА
$d12354599
$aASBIBLIO_SCAN
035##$aRusGRCC00018064
856##$uhttp://readingroom.main.prlib.ru/item.aspx?id_node=n162643313&mode=full
Формат отображения